| 000 | 00633nam a2200205Ia 4500 | ||
|---|---|---|---|
| 005 | 20260429112158.0 | ||
| 008 | 260429s9999||||xx |||||||||||||| ||und|| | ||
| 020 | _a9789811294853 | ||
| 041 | _aEnglish | ||
| 082 |
_a337.01 _bZHA |
||
| 100 | _aZhang, Wei-Bin | ||
| 245 | 0 |
_aTheory of interregional and international economics : _bintegrating neoclassical growth theory and new economic geography / _cWei-Bin Zhang |
|
| 250 | _a1st ed. | ||
| 260 |
_aNew Jersey : _bWorld Scientific, _c2025. |
||
| 300 | _axx, 381 p.; hb | ||
| 650 | _a Geography | ||
| 650 | _a Neoclassical growth theory | ||
| 650 | _aEconomics | ||
| 942 | _cTB | ||
| 999 |
_c52752 _d52752 |
||